|
LDR
| 02904nam a2200721 a 4500 |
|---|
| 001 | 19180 |
|---|
| 003 | CZ-PrJAB |
|---|
| 005 | 20141104141035.0 |
|---|
| 007 | ta |
|---|
| 008 | 140730s2014 xr cf f 100 0dcze |
|---|
| 015 | | . |
‡acnb002611178 |
|---|
| 020 | | . |
‡a978-80-86057-94-1 (brož.) |
|---|
| 035 | | . |
‡a(CZ PrNK)nkc20142611178 |
|---|
| 035 | | . |
‡a(OCoLC)892781420 |
|---|
| 040 | | . |
‡aBOA001
‡bcze
‡dABA001 |
|---|
| 041 | 0 | . |
‡acze
‡ager |
|---|
| 043 | | . |
‡ae-xr--- |
|---|
| 045 | | . |
‡aw9x7 |
|---|
| 072 | | 7. |
‡a27
‡xKřesťanství. Křesťanská církev všeobecně. Eklesiologie
‡2Konspekt
‡95 |
|---|
| 072 | | 7. |
‡a929
‡xBiografie
‡2Konspekt
‡98 |
|---|
| 080 | | . |
‡a27-4-051
‡2MRF |
|---|
| 080 | | . |
‡a364-32-051
‡2MRF |
|---|
| 080 | | . |
‡a37.011.3-051
‡2MRF |
|---|
| 080 | | . |
‡a929
‡2MRF |
|---|
| 080 | | . |
‡a316.64
‡2MRF |
|---|
| 080 | | . |
‡a364-787
‡2MRF |
|---|
| 080 | | . |
‡a316.812.1
‡2MRF |
|---|
| 080 | | . |
‡a(=162.3):(=112.2)
‡2MRF |
|---|
| 080 | | . |
‡a(437.3)
‡2MRF |
|---|
| 080 | | . |
‡a(062.534)
‡2MRF |
|---|
| 111 | 2 | . |
‡aEvropský humanista Přemysl Pitter (1895-1976)
‡d(2010 :
‡cPraha, Česko)
‡7mzk2014833796 |
|---|
| 245 | 1 | 0. |
‡aEvropský humanista Přemysl Pitter (1895-1976) :
‡b[sborník z mezinárodní konference /
‡cuspořádal Eduard Šimek] |
|---|
| 246 | 3 | 0. |
‡aPřemysl Pitter (1895-1976) |
|---|
| 260 | | . |
‡aVe Středoklukách :
‡bZdeněk Susa pro Nadační fond Přemysla Pittra a Olgy Fierzové,
‡c2014 |
|---|
| 300 | | . |
‡a89 s., vi s. obr. příl. :
‡bportréty ;
‡c21 cm |
|---|
| 490 | 1 | . |
‡aHovory ;
‡v17 |
|---|
| 504 | | . |
‡aObsahuje bibliografické odkazy |
|---|
| 546 | | . |
‡aČást. německý text |
|---|
| 600 | 1 | 7. |
‡aPitter, Přemysl,
‡d1895-1976
‡7jk01093275
‡2czenas |
|---|
| 648 | | 4. |
‡a1895-1976 |
|---|
| 648 | | 7. |
‡a20. stol.
‡7ch460558
‡2czenas |
|---|
| 650 | 0 | 7. |
‡akřesťanští aktivisté
‡7ph349448
‡zČesko
‡y20. stol.
‡2czenas |
|---|
| 650 | 0 | 7. |
‡acharitativní pracovníci
‡7ph121155
‡zČesko
‡y20. stol.
‡2czenas |
|---|
| 650 | 0 | 7. |
‡apedagogové
‡7ph137912
‡zČesko
‡y20. stol.
‡2czenas |
|---|
| 650 | 0 | 7. |
‡anázory a postoje
‡7ph137634
‡2czenas |
|---|
| 650 | 0 | 7. |
‡asociální pomoc
‡7ph125801
‡zČesko
‡y20. stol.
‡2czenas |
|---|
| 650 | 0 | 7. |
‡apéče o děti
‡7ph785275
‡zČesko
‡y20. stol.
‡2czenas |
|---|
| 650 | 0 | 7. |
‡aČeši a Němci
‡7ph135237
‡y20. stol.
‡2czenas |
|---|
| 650 | 0 | 9. |
‡aChristian activists
‡zCzechia
‡y20th century
‡2eczenas |
|---|
| 650 | 0 | 9. |
‡acharity workers
‡zCzechia
‡y20th century
‡2eczenas |
|---|
| 650 | 0 | 9. |
‡aeducationalists
‡zCzechia
‡y20th century
‡2eczenas |
|---|
| 650 | 0 | 9. |
‡aviews and attitudes
‡2eczenas |
|---|
| 650 | 0 | 9. |
‡asocial support
‡zCzechia
‡y20th century
‡2eczenas |
|---|
| 650 | 0 | 9. |
‡acaring for children
‡zCzechia
‡y20th century
‡2eczenas |
|---|
| 650 | 0 | 9. |
‡aCzechs and Germans
‡y20th century
‡2eczenas |
|---|
| 655 | | 7. |
‡asborníky konferencí
‡7fd133333
‡2czenas |
|---|
| 655 | | 9. |
‡aproceedings of conferences
‡2eczenas |
|---|
| 700 | 1 | . |
‡aŠimek, Eduard,
‡d1936-
‡7jk01130010
‡4com |
|---|
| 710 | 2 | . |
‡aNadační fond Přemysla Pittra a Olgy Fierzové
‡7olak2003164555 |
|---|
| 830 | | 0. |
‡aHovory (Nadační fond Přemysla Pittra a Olgy Fierzové) |
|---|
| 910 | | . |
‡aABG312 |
|---|
| 928 | 1 | . |
‡aSusa Zdeněk. Středokluky |
|---|
| 901 | | . |
‡a19180
‡b
‡c19180
‡tbiblio |
|---|